000 00570cam a2200193 a 4500
999 _c110643
_d110643
001 16990069
005 20190204103242.0
008 111005s2012 nyua b 001 0 eng
020 _a9780199751617
040 _cPK-LaUMT
082 0 0 _a612.84
_223
_bDAW-H
100 1 _aDaw, Nigel
245 1 0 _aHow vision works :
_bthe physiological mechanisms behind what we see /
_cBY Nigel Daw
260 _aNew York :
_bOxford University Press,
_c2012
300 _aix, 274 p. :
_bill. (some col.) ;
_c25 cm.
650 0 _aVision.
650 0 _aVisual perception.
942 _cBK